书目信息 |
| 题名: |
2010全国会计专业技术资格考试(初级)历年真题精解
|
|
| 作者: | 编委会编 著 | |
| 分册: | ||
| 出版信息: | 北京 北京科学技术出版社 2010 |
|
| 页数: | 235页 | |
| 开本: | 24cm | |
| 丛书名: | ||
| 单 册: | ||
| 中图分类: | F23-44 | |
| 科图分类: | ||
| 主题词: | 会计--资格考核--解题 , 会计 | |
| 电子资源: | ||
| ISBN: | 978-7-5304-4542-6 | |
| 000 | 00746nam0 2200229 45 | |
| 001 | 1033109453 | |
| 005 | 20100408155945.51 | |
| 010 | @a978-7-5304-4542-6@dCNY32.00 | |
| 100 | @a20100401d2010 em y0chiy50 ea | |
| 101 | 0 | @achi |
| 102 | @aCN@b110000 | |
| 105 | @ay z 000yy | |
| 106 | @ar | |
| 200 | 1 | @a2010全国会计专业技术资格考试(初级)历年真题精解@A2010 Quan Guo Kuai Ji Zhuan Ye Ji Shu Zi Ge Kao Shi ( Chu Ji ) Li Nian Zhen Ti Jing Jie@f编委会编著@FBian Wei Hui Bian Zhu |
| 210 | @a北京@c北京科学技术出版社@d2010 | |
| 215 | @a235页@d24cm | |
| 606 | 0 | @a会计@x资格考核@x解题 |
| 606 | 0 | @a会计 |
| 690 | @aF23-44@v4 | |
| 701 | 02 | @a编委会编@ABian Wei Hui Bian@4著 |
| 801 | 0 | @aCN@bTANGWEI@c20100408 |
| 905 | @b0588533-36@dF23-44@e356@f4 | |
| 2010全国会计专业技术资格考试(初级)历年真题精解/编委会编著.-北京:北京科学技术出版社,2010 |
| 235页;24cm |
| ISBN 978-7-5304-4542-6:CNY32.00 |
| ● |
| 相关链接 |
|
|
|
|
正题名:2010全国会计专业技术资格考试(初级)历年真题精解
索取号:F23-44/356
 
预约/预借
| 序号 | 登录号 | 条形码 | 馆藏地/架位号 | 状态 | 备注 |
| 1 | 0588533 | 205885336 | 第一样本阅览室/ [索取号:F23-44/356] | 在馆 | |
| 2 | 0588534 | 205885345 | 第一借阅区/ [索取号:F23-44/356] | 在馆 | |
| 3 | 0588535 | 205885354 | 第一借阅区/ [索取号:F23-44/356] | 在馆 | |
| 4 | 0588536 | 205885363 | 第一借阅区/ [索取号:F23-44/356] | 在馆 |